000 00470nam a2200169Ia 4500
999 _c28794
_d28794
003 OSt
005 20210107093433.0
008 190216s9999||||xx |||||||||||||| ||und||
040 _coclc
082 _a894.812301
_bKUR/K
100 _aKurian, Baby
_98215
245 0 _aKafka Malayalathil /
_cBaby Kurian
260 _bPen Books,
_aAluva:
_c2006.
300 _a72p
650 _aKathakal
942 _cBK
_2ddc
_h894.812301
_iKUR/K
_k894.812301
_mKUR/K